LDR 00747naa#a2200181#i#450# 001 EN\\bibl\123395 005 20260706015843.1 011 ## _a1994-4683 100 ## _a20230731b2023####ek#y0engy0150####ca 102 ## _aRU 200 1# _aGENETIC CHARACTERISTICS OF HIGHLY QUALIFIED POLYATHLETE ATHLETES SPECIALIZING IN 3-BORYE WITH CROSS-COUNTRY SKIING _eJournal article 210 1# _aMoscow _cNational State University of Physical Education, Sports and Health named after P.F. Lesgaft _d2023 215 ## _a3 с. 608 ## _aJournal article _2local 675 ## _aОрганизация спортивных мероприятий. 796.062.4 _z 700 #1 _aKonstantinova _gAnastasiya Konstantinovna 700 #1 _aPetrov _gAndrey Borisovich 856 4# _auchzapiski.lesgaft.spb.ru _u